=LDR 00000nam 2200000 4500 =001 INLIS000000000026877 =005 20190109020854 =035 ##$$a 0010-061300000026877 =008 190109###########################0#ind## =041 ##$$a ind =082 ##$$a 658.4 =090 ##$$a 658.4, MAK m =100 ##$$a Makridakis, Spyros =245 1#$$a Metode dan aplikasi peramalan, /$c oleh Spyros Makridakis, Steven C. Wheelwright; editor, Lyndon saputra =260 ##$$a 1999 :$b Jakarta =300 ##$$a ...jil., : $b ilus., ; $c 22 cm =650 ##$$a Peramalan =650 ##$$a Manajemen =850 ##$$a NBPNMAT =710 ##$$a Wheelwright, Steven C =084 ##$$a 658.4 MAK m =990 ##$$a 0001/BPAP-NTB/20142014 =990 ##$$a 0001/BPAP-NTB/2015 =990 ##$$a 00330033 =990 ##$$a 20705808 =990 ##$$a 0001/BPAP-NTB/20142014 =990 ##$$a 0001/BPAP-NTB/2015